Law of contract (a study of the Contract Act, 1872) and specific relief (Record no. 4006)
[ view plain ]
| 000 -LEADER | |
|---|---|
| fixed length control field | 00611nam a2200169 4500 |
| 020 ## - INTERNATIONAL STANDARD BOOK NUMBER | |
| ISBN | 9788170121459 |
| 020 ## - INTERNATIONAL STANDARD BOOK NUMBER | |
| ISBN | 8170121450 |
| 050 ## - CALL NUMBER | |
| Classification number | KNS810 |
| Item number | .S56 |
| 100 ## - AUTHOR | |
| Personal name | Avtar Singh |
| 245 ## - TITLE | |
| Title | Law of contract (a study of the Contract Act, 1872) and specific relief |
| Remainder of title | Law of contract and specific relief Contract & specific relief |
| Statement of responsibility, etc | Avtar Singh |
| 250 ## - EDITION | |
| Edition statement | 10th ed. |
| 260 ## - PUBLICATION INFORMATION | |
| Place of publication | Lucknow : |
| Name of publisher | Eastern Book Co., |
| Year of publication | 2008. |
| 300 ## - DESCRIPTION | |
| Number of Pages | clx, 960 pages ; |
| Dimensions | 24 cm. |
| 500 ## - NOTES | |
| General note | Includes index. |
| 505 ## - FORMATTED CONTENTS NOTE | |
| Table of Content | pt. 1. General principles --<br/>pt. 2. Specific contracts --<br/>pt. 3. Law of specific relief. |
| 942 ## - ADDED ENTRY ELEMENTS (KOHA) | |
| Koha item type | Books |
| Withdrawn status | Lost status | Home library | Current library | Shelving location | Date acquired | Full call number | Accession Number | Koha item type | Collection code |
|---|---|---|---|---|---|---|---|---|---|
| Methodist University Law Library | Methodist University Law Library | General Stacks | 15/09/2011 | KNS810 .S56 | 33869 | Books | Reference | ||
| Methodist University Law Library | Methodist University Law Library | General Stacks | 15/09/2011 | KNS810 .S56 | 33868 | Reference | Reference | ||
| Methodist University Library Tema | Methodist University Library Tema | General Stacks | 15/09/2011 | KNS810 .S56 | 33870 | Books |